00589cam a22002055a 45000010005000000030009000050050017000140080041000310100017000720200015000890350023001040400028001270820021001552450051001762600032002273000048002595000020003076500036003277000020003638690BD-DhUAP20210201161359.0210201s2004 ii a 001 0 eng d a 2004301758 a8126505397 a(OCoLC)ocm55995387 aIG#cIG#dBD-DhUAPbeng00a005.2762 BEG22300aBeginning PHP5 /cDave W. Mercer ... [et al.]. aNew Delhi :bWiley,cc2004. axxvii, 859 pages :billustrations ;c24 cm. aIncludes index. 0aPHP (Computer program language)1 aMercer, Dave W.